[Event "Lake Sevan 2015"]
[Site "Martuni ARM"]
[Date "2015.07.12"]
[Round "1.1"]
[White "Anton Guijarro, David"]
[Black "Petrosian, Tigran L."]
[Result "1-0"]
[WhiteTitle "GM"]
[BlackTitle "GM"]
[WhiteElo "2626"]
[BlackElo "2630"]
[WhiteFideId "2285525"]
[BlackFideId "13301616"]
[EventDate "2015.07.12"]

1. d4 d6 2. e4 g6 3. Be3 Bg7 4. Nc3 a6 5. Nf3 Nf6 6. Qd2 b5 7. Bh6 O-O 8. Bd3
Bb7 9. Bxg7 Kxg7 10. e5 Ng8 11. O-O-O c5 12. h4 h5 13. e6 f5 14. dxc5 dxc5 15.
Qg5 Qe8 16. Ne5 Rf6 17. f4 c4 18. Be2 b4 19. Nd5 Bxd5 20. Rxd5 c3 21. Bxh5 Nc6
22. Bf3 Nxe5 23. Rxe5 cxb2+ 24. Kxb2 Rc8 25. Bd5 a5 26. h5 Nh6 27. hxg6 Rxg6 28.
Qh4 a4 29. Re3 Rc3 30. Rxc3 bxc3+ 31. Kxc3 Qd8 32. Kc4 Qd6 33. Qf2 Ng4 34. Qc5
Qxf4+ 35. Kb5 Qb8+ 36. Kxa4 Qd8 37. c4 Nf6 38. Rb1 Rg4 39. Rb4 Qe8+ 40. Ka5 Kg6
41. Bf3 Rg5 42. Rb5 Qd8+ 43. Ka6 Ne8 44. Rb7 f4 45. Be4+ Kh6 46. Bd5 Nd6 47. Rd7
Qf8 48. Qc7 Rxd5 49. cxd5 Qa8+ 50. Kb6 Qxd5 51. Rxd6 exd6 52. e7 Qe4 53. Qd7
Qd4+ 54. Kb7 Qb4+ 55. Kc8 Qc5+ 56. Qc7 Qe5 57. a4 Kg6 58. Kd8 Qf6 59. Qc2+ Kf7
60. Qh7+ Ke6 61. Qe4+ Kf7 62. Kd7 1-0

[Event "Lake Sevan 2015"]
[Site "Martuni ARM"]
[Date "2015.07.12"]
[Round "1.3"]
[White "Artemiev, Vladislav"]
[Black "Ter-Sahakyan, Samvel"]
[Result "1-0"]
[WhiteTitle "GM"]
[BlackTitle "GM"]
[WhiteElo "2660"]
[BlackElo "2593"]
[WhiteFideId "24101605"]
[BlackFideId "13302531"]
[EventDate "2015.07.12"]

1. d4 d5 2. c4 c6 3. Nf3 Nf6 4. e3 Bf5 5. Nc3 e6 6. Nh4 Bg6 7. Be2 Nbd7 8. O-O
Bd6 9. g3 O-O 10. Nxg6 hxg6 11. Qc2 Qe7 12. Rd1 Rfd8 13. Bd2 dxc4 14. Bxc4 Rac8
15. Be1 c5 16. dxc5 Nxc5 17. Bf1 a6 18. Bg2 b5 19. Rac1 Na4 20. Qb1 Bb4 21. Nxa4
Bxe1 22. Rxe1 bxa4 23. a3 Rb8 24. Red1 Rd6 25. Qc2 Qd7 26. Rxd6 Qxd6 27. Rd1 Qb6
28. Rd2 Qa5 29. Bf3 g5 30. h3 g6 31. Kg2 Kg7 32. Rd4 Rb3 33. Bc6 Qb6 34. Rd2 Qa5
35. Rd3 Rxd3 36. Qxd3 Nd5 37. Qd4+ Kg8 38. Qxa4 Qd2 39. Qd4 Qxd4 40. exd4 Nc7
41. Kf3 Kf8 42. Ke3 Ke7 43. Kd3 Kd6 44. Bb7 1-0

[Event "Lake Sevan 2015"]
[Site "Martuni ARM"]
[Date "2015.07.12"]
[Round "1.4"]
[White "Gabuzyan, Hovhannes"]
[Black "Hovhannisyan, Robert"]
[Result "1/2-1/2"]
[WhiteTitle "GM"]
[BlackTitle "GM"]
[WhiteElo "2589"]
[BlackElo "2611"]
[WhiteFideId "13303732"]
[BlackFideId "13302507"]
[EventDate "2015.07.12"]

1. Nf3 d5 2. g3 c6 3. Bg2 Bg4 4. O-O Nd7 5. d4 e6 6. Nbd2 Ngf6 7. Re1 Be7 8. e4
O-O 9. e5 Ne8 10. c3 Nc7 11. h3 Bh5 12. Nb3 c5 13. Nxc5 Nxc5 14. dxc5 Bxc5 15.
g4 Bg6 16. Bg5 Qe8 17. Nd4 Rc8 18. a4 b5 19. Nb3 Be7 20. Bxe7 Qxe7 21. Nd4 Qd7
22. Bf1 a6 23. axb5 axb5 24. Ra7 Qd8 25. Rb7 Na6 26. b4 Rc7 27. Rb6 Nb8 28. Nxb5
Rd7 29. Qd4 h5 30. Ra1 Qh4 31. Qf4 Qd8 32. Rd6 hxg4 33. hxg4 Rxd6 34. Nxd6 f6
35. Ra8 fxe5 36. Qxe5 Qh4 37. f3 Rxf3 38. Rxb8+ Kh7 39. Qe2 Rg3+ 40. Bg2 Rxc3
41. Rf8 Rb3 42. Qxe6 Rb1+ 43. Rf1 Rxb4 44. Rf3 Rxg4 45. Rf8 Rf4 46. Qg8+ Kh6 47.
Rxf4 Qxf4 48. Qxd5 Qe3+ 49. Kh2 Qf4+ 50. Kh3 Qg5 51. Qe6 Kh7 52. Bf3 Qh6+ 53.
Kg3 Qg5+ 54. Kf2 Qh4+ 55. Ke2 Qh2+ 1/2-1/2

[Event "Lake Sevan 2015"]
[Site "Martuni ARM"]
[Date "2015.07.13"]
[Round "2.3"]
[White "Anton Guijarro, David"]
[Black "Salem, A.R. Saleh"]
[Result "1-0"]
[WhiteTitle "GM"]
[BlackTitle "GM"]
[WhiteElo "2626"]
[BlackElo "2615"]
[WhiteFideId "2285525"]
[BlackFideId "9301348"]
[EventDate "2015.07.12"]

1. Nf3 c5 2. c4 Nf6 3. Nc3 d5 4. cxd5 Nxd5 5. e3 e6 6. Nxd5 exd5 7. b4 c4 8. Bb2
Bxb4 9. Bxg7 Rg8 10. Bb2 Nc6 11. Qc2 Rg6 12. Be2 Qe7 13. g3 Bh3 14. Nh4 O-O-O
15. a3 Ba5 16. Nxg6 fxg6 17. Bc3 Bb6 18. d4 cxd3 19. Bxd3 Kb8 20. O-O-O Rf8 21.
Rd2 Qxa3+ 22. Qb2 Qe7 23. Kb1 Bc5 24. Ka1 Be6 25. Rb1 Rc8 26. Bf6 Qd7 27. Bb5
Bf5 28. Rc1 Qd6 29. Rc3 Ka8 30. Rd1 Bb4 31. Rb3 Qc5 32. Bd3 Be6 33. Bd4 Qa5+ 34.
Kb1 Rc7 35. Rc1 Bd6 36. f4 Re7 37. Bf6 Rd7 38. Be5 Nxe5 39. Rc8+ Bb8 40. Qxe5
Qe1+ 41. Kb2 1-0

[Event "Lake Sevan 2015"]
[Site "Martuni ARM"]
[Date "2015.07.13"]
[Round "2.4"]
[White "Ter-Sahakyan, Samvel"]
[Black "Gabuzyan, Hovhannes"]
[Result "1-0"]
[WhiteTitle "GM"]
[BlackTitle "GM"]
[WhiteElo "2593"]
[BlackElo "2589"]
[WhiteFideId "13302531"]
[BlackFideId "13303732"]
[EventDate "2015.07.12"]

1. e4 c5 2. Nf3 d6 3. d4 cxd4 4. Nxd4 Nf6 5. Nc3 a6 6. Be3 e5 7. Nb3 Be7 8. h3
O-O 9. g4 Be6 10. g5 Ne8 11. h4 Nd7 12. Qd2 Nc7 13. O-O-O a5 14. a4 b5 15. Nxb5
Nxb5 16. Bxb5 Qc7 17. Qc3 Qxc3 18. bxc3 Rfc8 19. Kb2 Rc7 20. Rd2 Bg4 21. c4 Bf3
22. Re1 Bxe4 23. c5 d5 24. c6 Nb8 25. Bb6 Rxc6 26. Bxc6 Nxc6 27. Bc5 Bxc5 28.
Nxc5 Bf3 29. Re3 Bg2 30. Rg3 Rb8+ 31. Ka3 Bf1 32. Rxd5 Nb4 33. Rd2 Rc8 34. Rc3
h6 35. Ne4 Rb8 36. gxh6 gxh6 37. Nf6+ Kg7 38. Nd7 Rd8 39. Rg3+ Kh8 40. Rd6 f6
41. c3 1-0

[Event "Lake Sevan 2015"]
[Site "Martuni ARM"]
[Date "2015.07.14"]
[Round "3.2"]
[White "Artemiev, Vladislav"]
[Black "Anton Guijarro, David"]
[Result "1/2-1/2"]
[WhiteTitle "GM"]
[BlackTitle "GM"]
[WhiteElo "2660"]
[BlackElo "2626"]
[WhiteFideId "24101605"]
[BlackFideId "2285525"]
[EventDate "2015.07.12"]

1. Nf3 f5 2. g3 Nf6 3. Bg2 g6 4. b3 Bg7 5. Bb2 O-O 6. O-O e6 7. d4 b6 8. Nfd2 d5
9. c4 Bb7 10. Nc3 Nbd7 11. Rc1 c5 12. cxd5 exd5 13. dxc5 Nxc5 14. Nb5 Qd7 15. a4
a6 16. Nd4 Rfc8 17. N2f3 Nfe4 18. Rc2 b5 19. a5 Rc7 20. Bc1 Rcc8 21. Bb2 Rc7 22.
Qa1 Rac8 23. Qa3 Bf8 24. Qa2 b4 25. Qa1 Qe8 26. Qe1 Ba8 27. h4 Ne6 28. Rxc7 Rxc7
29. e3 Nc3 30. Qd2 Nxd4 31. Nxd4 Qc8 32. Kh2 Ne4 33. Qd3 Bg7 34. Kg1 Bb7 35. Bf3
Rc5 36. Ra1 Nc3 37. Kg2 Rc7 38. Rc1 Kf7 39. h5 Bf6 40. Rh1 Kg7 41. hxg6 hxg6 42.
Qd2 Kg8 43. Rc1 Kf7 44. Qe1 Kg7 45. Qh1 Qe8 46. Qh2 Kg8 47. Rh1 Re7 48. Qh6 Qf7
49. Rc1 Rc7 50. Qf4 Qe7 51. Qh6 Qh7 52. Qxh7+ Kxh7 53. Ne6 Rc8 54. Rh1+ Kg8 55.
Rh6 Kf7 56. Rh7+ Kxe6 57. Rxb7 Rc6 58. Rxb4 Na2 59. Ra4 Bxb2 60. Rxa2 Bc3 61.
Be2 Rc5 62. Bxa6 Rxa5 63. Rc2 Rc5 64. Rc1 Ke5 65. Rd1 Rc7 66. Bb5 Ke6 67. Kf3
Be5 68. Rd2 Rc3 69. b4 d4 70. Bd3 dxe3 71. Kxe3 Kf6 72. Ra2 Rc6 73. b5 Rd6 74.
Ra4 g5 75. f4 gxf4+ 76. gxf4 Bc3 77. Ra8 Bd4+ 78. Kd2 Rd5 79. Rf8+ Kg6 80. Rc8
Kh5 81. Rg8 Kh4 82. Rg6 Bc5 83. b6 Rd7 84. Rc6 Bxb6 85. Rxb6 Kg3 86. Rb4 Kf3 87.
Rc4 Rd8 88. Kc3 Rh8 89. Bxf5 Rf8 90. Be4+ Kxf4 91. Kd4 Re8 92. Bd5 Re1 93. Rc8
Rd1+ 94. Kc5 Rc1+ 95. Bc4 Ke5 96. Re8+ Kf6 97. Kd4 Rd1+ 98. Bd3 Ra1 99. Re2 Rd1
100. Rg2 Kf7 101. Rg3 Rc1 102. Be4 Ke7 103. Ke5 Rc5+ 104. Bd5 Rc7 105. Rg8 Rd7
106. Bc6 Rc7 107. Rg6 Kd8 108. Rg8+ Ke7 109. Kd5 Kf6 110. Kd6 Rg7 111. Rh8 Kg5
112. Rf8 Rg6+ 113. Kc5 Rf6 114. Re8 Kf4 115. Bd5 Ra6 116. Kd4 Rf6 117. Be6 Kg3
118. Ke5 Rf2 119. Bf5 Rd2 120. Rg8+ Kf2 121. Kf4 Rd4+ 122. Be4 Rd2 123. Rh8 Re2
124. Rh3 Rd2 125. Bd3 Ke1 126. Ke3 Re2+ 127. Bxe2 1/2-1/2

[Event "Lake Sevan 2015"]
[Site "Martuni ARM"]
[Date "2015.07.14"]
[Round "3.4"]
[White "Salem, A.R. Saleh"]
[Black "Petrosian, Tigran L."]
[Result "1-0"]
[WhiteTitle "GM"]
[BlackTitle "GM"]
[WhiteElo "2615"]
[BlackElo "2630"]
[WhiteFideId "9301348"]
[BlackFideId "13301616"]
[EventDate "2015.07.12"]

1. d4 d5 2. c4 c6 3. Nf3 Nf6 4. Nc3 dxc4 5. a4 Bf5 6. Ne5 Nbd7 7. Nxc4 Nb6 8.
Ne3 Bg6 9. a5 Nbd5 10. g3 e6 11. Bg2 Bb4 12. Nxd5 Nxd5 13. Bd2 O-O 14. O-O Nxc3
15. Bxc3 Bxc3 16. bxc3 Qc7 17. Qb3 Rab8 18. Rfd1 b6 19. axb6 axb6 20. Ra6 c5 21.
Rda1 cxd4 22. cxd4 Rfc8 23. d5 Qe5 24. dxe6 Qxe6 25. Qxe6 fxe6 26. Rd1 e5 27.
Bd5+ Kf8 28. e4 Rc3 29. Ra7 b5 30. Rf1 Rf3 31. Rc1 b4 32. Rcc7 Ra3 33. Rxg7 Rxa7
34. Rg8+ Ke7 35. Rxb8 Ra1+ 36. Kg2 Rb1 37. g4 Be8 38. h4 h6 39. Rb6 Bd7 40. f3
Kd8 41. g5 hxg5 42. hxg5 Rb2+ 43. Kg3 Rb1 44. g6 Kc7 45. Rb7+ Kc8 46. Rxd7 Kxd7
47. Kg2 b3 48. g7 1-0

[Event "Lake Sevan 2015"]
[Site "Martuni ARM"]
[Date "2015.07.15"]
[Round "4.2"]
[White "Salem, A.R. Saleh"]
[Black "Artemiev, Vladislav"]
[Result "0-1"]
[WhiteTitle "GM"]
[BlackTitle "GM"]
[WhiteElo "2615"]
[BlackElo "2660"]
[WhiteFideId "9301348"]
[BlackFideId "24101605"]
[EventDate "2015.07.12"]

1. d4 Nf6 2. c4 g6 3. Nc3 d5 4. cxd5 Nxd5 5. e4 Nxc3 6. bxc3 Bg7 7. Be3 c5 8.
Rc1 O-O 9. Nf3 Qa5 10. Qd2 Nd7 11. d5 Nf6 12. c4 Qxd2+ 13. Nxd2 b6 14. f3 e6 15.
Nb1 Ba6 16. Nc3 Nd7 17. a4 Ne5 18. dxe6 fxe6 19. Nb5 Rad8 20. Be2 Nc6 21. Kf2
Bb7 22. Rhd1 a6 23. Nc7 Rxd1 24. Rxd1 Nd4 25. Kf1 Kf7 26. a5 bxa5 27. Rb1 Bc8
28. Bd1 Rd8 29. Na8 Bf8 30. Nb6 Bb7 31. Bg5 Be7 32. Bxe7 Kxe7 33. Na4 Ba8 34.
Nxc5 Rc8 35. Na4 Rxc4 36. Nb6 Rb4 37. Rxb4 axb4 38. Nxa8 b3 39. Bxb3 Nxb3 40.
Nb6 Kd6 41. Na4 Ke5 42. Ke2 Kd4 43. h4 a5 44. Nb6 Nc5 45. Nc8 Nb3 46. Nb6 h6 47.
g4 Nc1+ 48. Kd2 Nd3 49. Nc8 Ne5 0-1

[Event "Lake Sevan 2015"]
[Site "Martuni ARM"]
[Date "2015.07.15"]
[Round "4.3"]
[White "Anton Guijarro, David"]
[Black "Gabuzyan, Hovhannes"]
[Result "1/2-1/2"]
[WhiteTitle "GM"]
[BlackTitle "GM"]
[WhiteElo "2626"]
[BlackElo "2589"]
[WhiteFideId "2285525"]
[BlackFideId "13303732"]
[EventDate "2015.07.12"]

1. d4 Nf6 2. c4 g6 3. Nc3 d5 4. cxd5 Nxd5 5. e4 Nxc3 6. bxc3 Bg7 7. Qa4+ Qd7 8.
Bb5 c6 9. Bd3 O-O 10. Ne2 c5 11. Qxd7 Nxd7 12. Be3 Rd8 13. Rd1 b6 14. f3 Bb7 15.
Kf2 Rac8 16. h4 e5 17. d5 c4 18. Bc2 Bf8 19. h5 Bc5 20. g3 Nf6 21. g4 g5 22. Ng3
Ne8 23. Ba4 Bxe3+ 24. Kxe3 Nd6 25. Bc6 Kf8 26. Bxb7 Nxb7 27. Rb1 Rc5 28. Rb4 Ke7
29. Nf5+ Kd7 30. a4 1/2-1/2

[Event "Lake Sevan 2015"]
[Site "Martuni ARM"]
[Date "2015.07.15"]
[Round "4.5"]
[White "Petrosian, Tigran L."]
[Black "Hovhannisyan, Robert"]
[Result "0-1"]
[WhiteTitle "GM"]
[BlackTitle "GM"]
[WhiteElo "2630"]
[BlackElo "2611"]
[WhiteFideId "13301616"]
[BlackFideId "13302507"]
[EventDate "2015.07.12"]

1. Nf3 d5 2. g3 Bg4 3. Bg2 c6 4. c4 e6 5. cxd5 exd5 6. Qb3 Qb6 7. Qc2 Nd7 8. O-O
Ngf6 9. d3 Qc5 10. Qd1 Bd6 11. Nc3 O-O 12. Be3 Qa5 13. a3 Rfe8 14. b4 Qd8 15.
Bd4 Nf8 16. Na4 Ne6 17. Bc3 h6 18. Re1 Nd7 19. Qc2 Rc8 20. d4 b6 21. Rad1 Qf6
22. Qb2 Ng5 23. Nxg5 hxg5 24. Qd2 Qg6 25. Bb2 Qh5 26. f3 Bh3 27. Bc1 Bxg2 28.
Kxg2 g4 29. fxg4 Qxg4 30. Nc3 Nf6 31. Qg5 Qe6 32. Qh4 c5 33. bxc5 bxc5 34. Bg5
cxd4 35. Nb5 Ne4 36. Nxd4 Qg6 37. Nf3 Nc3 38. Rd4 Bxa3 39. Rg4 f5 40. Rd4 Re4
41. Rxe4 dxe4 42. Ng1 a5 43. Ra1 Bb4 44. Bd8 Nd5 45. Bg5 Qh7 46. Qxh7+ Kxh7 47.
h4 Ra8 48. Rd1 Nb6 49. Rb1 Bc5 50. Rb5 Nd7 51. Nh3 a4 52. Bd2 a3 53. Ng5+ Kg6
54. Ne6 a2 55. Bc3 Be7 56. Nf4+ Kh7 57. Nd5 Bd6 58. Nf4 Bxf4 59. gxf4 a1=Q 60.
Bxa1 Rxa1 61. Rxf5 Nf6 0-1

[Event "Lake Sevan 2015"]
[Site "Martuni ARM"]
[Date "2015.07.16"]
[Round "5.2"]
[White "Artemiev, Vladislav"]
[Black "Petrosian, Tigran L."]
[Result "0-1"]
[WhiteTitle "GM"]
[BlackTitle "GM"]
[WhiteElo "2660"]
[BlackElo "2630"]
[WhiteFideId "24101605"]
[BlackFideId "13301616"]
[EventDate "2015.07.12"]

1. d4 d5 2. c4 c6 3. cxd5 cxd5 4. Bf4 Nc6 5. e3 Nf6 6. Nc3 Bf5 7. Qb3 Na5 8.
Qa4+ Bd7 9. Qc2 Rc8 10. Bd3 a6 11. Nf3 b5 12. a3 e6 13. O-O Be7 14. Ne5 Nh5 15.
Rfe1 Nxf4 16. exf4 g6 17. Qd1 Nc6 18. Nf3 O-O 19. g3 Bf6 20. Ne2 Qb6 21. Bc2 Rc7
22. h4 h5 23. Qd2 Rfc8 24. Rec1 b4 25. axb4 Qxb4 26. Rd1 Qxd2 27. Rxd2 Ne7 28.
Nc3 Rb8 29. Bd3 Nc6 30. Bf1 Rcb7 31. Rxa6 Rxb2 32. Rxb2 Rxb2 33. Na4 Rc2 34.
Ra8+ Kg7 35. Ne5 Bxe5 36. dxe5 Nd4 37. Bd3 Nf3+ 38. Kf1 Rc1+ 39. Ke2 Bc6 40. Ra6
d4 41. Rxc6 Ng1+ 42. Kd2 Rxc6 43. Nb2 Rb6 44. Nc4 Ra6 45. Be4 Nh3 46. f3 Nf2 47.
Bb1 0-1

[Event "Lake Sevan 2015"]
[Site "Martuni ARM"]
[Date "2015.07.16"]
[Round "5.4"]
[White "Gabuzyan, Hovhannes"]
[Black "Salem, A.R. Saleh"]
[Result "1-0"]
[WhiteTitle "GM"]
[BlackTitle "GM"]
[WhiteElo "2589"]
[BlackElo "2615"]
[WhiteFideId "13303732"]
[BlackFideId "9301348"]
[EventDate "2015.07.12"]

1. Nf3 c5 2. g3 g6 3. Bg2 Bg7 4. c4 Nc6 5. Nc3 d6 6. O-O e6 7. b3 Nge7 8. e3 O-O
9. Bb2 e5 10. d3 h6 11. Qd2 f5 12. Rad1 g5 13. d4 e4 14. Ne1 cxd4 15. exd4 d5
16. cxd5 Nxd5 17. Nxd5 Qxd5 18. f3 e3 19. f4 Qxb3 20. axb3 exd2 21. Rxd2 g4 22.
Nc2 Re8 23. d5 Na5 24. Bxg7 Kxg7 25. Nd4 Bd7 26. Ra1 b6 27. b4 Nc4 28. Rc2 b5
29. Rca2 Kf6 30. Ra6+ Nb6 31. Nc6 Bxc6 32. dxc6 Rac8 33. Rxa7 Re2 34. Rd1 Rxg2+
35. Kxg2 Nc4 36. Rdd7 Rxc6 37. Rh7 1-0

[Event "Lake Sevan 2015"]
[Site "Martuni ARM"]
[Date "2015.07.16"]
[Round "5.5"]
[White "Hovhannisyan, Robert"]
[Black "Ter-Sahakyan, Samvel"]
[Result "1/2-1/2"]
[WhiteTitle "GM"]
[BlackTitle "GM"]
[WhiteElo "2611"]
[BlackElo "2593"]
[WhiteFideId "13302507"]
[BlackFideId "13302531"]
[EventDate "2015.07.12"]

1. Nf3 d5 2. d4 Nf6 3. c4 e6 4. e3 b6 5. cxd5 exd5 6. Bd3 Bd6 7. O-O O-O 8. b3
Qe7 9. Qc2 Bb7 10. Nc3 a6 11. Bb2 Nbd7 12. Ne2 Ne4 13. a4 f5 14. b4 Rf6 15. b5
a5 16. Rac1 1/2-1/2

[Event "Lake Sevan 2015"]
[Site "Martuni ARM"]
[Date "2015.07.17"]
[Round "6.3"]
[White "Petrosian, Tigran L."]
[Black "Ter-Sahakyan, Samvel"]
[Result "1/2-1/2"]
[WhiteTitle "GM"]
[BlackTitle "GM"]
[WhiteElo "2630"]
[BlackElo "2593"]
[WhiteFideId "13301616"]
[BlackFideId "13302531"]
[EventDate "2015.07.12"]

1. Nf3 d5 2. g3 c6 3. Bg2 Bf5 4. c4 e6 5. cxd5 cxd5 6. Qb3 Qc8 7. Nc3 Nc6 8. d3
Bd6 9. O-O Nge7 10. e4 dxe4 11. dxe4 Bg6 12. Rd1 Bc7 13. Be3 O-O 14. Nd2 a6 15.
a4 Na5 16. Qa3 Nec6 17. b4 Bd6 18. Na2 Nxb4 19. e5 Nxa2 20. exd6 Nc3 21. Rdc1
Ne2+ 22. Kh1 Nxc1 23. Rxc1 Nc6 24. Nc4 Qe8 25. Qb2 Rb8 26. Bb6 Bd3 27. Bc7 Bxc4
28. Rxc4 Rc8 29. Rg4 e5 30. Qxb7 Nd4 31. Qxa6 Qe6 32. Rxd4 exd4 33. Bb7 Rcd8 34.
Qb6 d3 35. Bxd8 d2 36. Bf3 Qd5 37. Bxd5 d1=Q+ 38. Kg2 Qxd5+ 39. f3 Qa2+ 40. Kh3
Qxa4 41. Qc7 Qa8 42. Be7 Rc8 43. Qd7 Rc5 44. Qg4 h5 45. Qe4 Qc8+ 46. g4 Rc3 47.
Kh4 Qc5 48. Qa8+ Kh7 49. Qe4+ g6 50. d7 Qf2+ 51. Kg5 Qd2+ 52. Kf6 Rc6+ 53. Kxf7
Qa2+ 54. Ke8 Qg8+ 55. Bf8 Re6+ 56. Qxe6 Qxe6+ 57. Be7 Qg8+ 58. Bf8 Qe6+ 59. Be7
Qg8+ 60. Bf8 Qe6+ 1/2-1/2

[Event "Lake Sevan 2015"]
[Site "Martuni ARM"]
[Date "2015.07.17"]
[Round "6.5"]
[White "Artemiev, Vladislav"]
[Black "Gabuzyan, Hovhannes"]
[Result "1/2-1/2"]
[WhiteTitle "GM"]
[BlackTitle "GM"]
[WhiteElo "2660"]
[BlackElo "2589"]
[WhiteFideId "24101605"]
[BlackFideId "13303732"]
[EventDate "2015.07.12"]

1. Nf3 Nf6 2. g3 d5 3. Bg2 g6 4. c4 c6 5. b3 Bg7 6. Bb2 Bg4 7. O-O O-O 8. d3
Bxf3 9. Bxf3 e6 10. Qc2 Nbd7 11. Nd2 Qe7 12. Bg2 Rfd8 13. Rfc1 h5 14. Nf3 a6 15.
e3 Ng4 16. d4 Ndf6 17. h3 Nh6 18. Ne5 Nf5 19. Bc3 Rac8 20. Ba5 Re8 21. Bb6 Qd6
22. Rab1 c5 23. Bxc5 Rxc5 24. Nxf7 Kxf7 25. dxc5 Qe5 26. b4 Bh6 27. Re1 Rc8 28.
Rbd1 Ne7 29. cxd5 Nexd5 30. Qb3 a5 31. bxa5 Rxc5 32. Qxb7+ Rc7 33. Qb5 Ne4 34.
f4 Qf5 35. g4 hxg4 36. hxg4 Qxg4 37. Rxd5 Qg3 38. Rd7+ Kg8 39. Rd8+ Kh7 40. Qf1
Rc5 41. Rd4 Rc1 42. Rd7+ Kg8 43. Rxc1 Qxe3+ 44. Kh1 Ng3+ 45. Kh2 Nxf1+ 46. Rxf1
Bxf4+ 47. Kh1 Qg3 1/2-1/2

[Event "Lake Sevan 2015"]
[Site "Martuni ARM"]
[Date "2015.07.18"]
[Round "7.4"]
[White "Hovhannisyan, Robert"]
[Black "Anton Guijarro, David"]
[Result "0-1"]
[WhiteTitle "GM"]
[BlackTitle "GM"]
[WhiteElo "2611"]
[BlackElo "2626"]
[WhiteFideId "13302507"]
[BlackFideId "2285525"]
[EventDate "2015.07.12"]

1. e4 e6 2. d4 d5 3. exd5 exd5 4. Nf3 Nf6 5. Bd3 Bd6 6. Qe2+ Be7 7. O-O O-O 8.
Re1 Re8 9. Bg5 Bd7 10. Qd1 h6 11. Bh4 Nc6 12. c3 Nh5 13. Bg3 Nxg3 14. hxg3 Bg4
15. Nbd2 Qd6 16. Nf1 Be6 17. Qc2 Bf6 18. Bh7+ Kf8 19. Bf5 Bxf5 20. Qxf5 g6 21.
Qf4 Qxf4 22. gxf4 Rxe1 23. Rxe1 Ne7 24. g4 Rd8 25. Kg2 c6 26. Ng3 b6 27. Ne5 c5
28. Kf3 Kg7 29. Ke3 Nc8 30. f5 Nd6 31. fxg6 fxg6 32. f4 Bxe5 33. dxe5 Nc4+ 34.
Kf3 Nxb2 35. f5 Nc4 36. e6 Kf6 37. Kf4 Ne5 38. Nh5+ gxh5 39. Rxe5 hxg4 40. e7
Re8 41. Re6+ Kf7 42. Rxh6 Rxe7 43. Kxg4 Re3 44. Kf4 Rxc3 45. Ke5 d4 46. Rh7+ Ke8
47. f6 Re3+ 48. Kf5 d3 49. Rxa7 c4 50. Ra8+ Kd7 51. Kf4 Re1 52. f7 Rf1+ 53. Ke3
Rxf7 54. Ra7+ Ke6 55. Ra6 Kd5 0-1

[Event "Lake Sevan 2015"]
[Site "Martuni ARM"]
[Date "2015.07.18"]
[Round "7.5"]
[White "Gabuzyan, Hovhannes"]
[Black "Petrosian, Tigran L."]
[Result "1-0"]
[WhiteTitle "GM"]
[BlackTitle "GM"]
[WhiteElo "2589"]
[BlackElo "2630"]
[WhiteFideId "13303732"]
[BlackFideId "13301616"]
[EventDate "2015.07.12"]

1. g3 g6 2. Bg2 d5 3. c4 c6 4. Qa4 d4 5. d3 Bg7 6. Nf3 h5 7. Nbd2 Nh6 8. Ne4 Nf5
9. Bf4 Nd7 10. h3 Qb6 11. O-O-O Nh6 12. Qa3 c5 13. Qa4 Kf8 14. Kb1 a5 15. a3 Ra6
16. Rdg1 e5 17. Bc1 Nf6 18. Nxf6 Bxf6 19. Ng5 Qd8 20. Ne4 Be7 21. g4 f5 22. gxf5
gxf5 23. Nd2 Nf7 24. Bd5 Bd7 25. Qd1 Be6 26. Bxb7 Rb6 27. Rg6 Bf6 28. Bd5 Bxd5
29. cxd5 Qxd5 30. Nc4 Ra6 31. Rhg1 a4 32. R1g2 f4 33. Qg1 Ke7 34. f3 Qd7 35. Bd2
Qxh3 36. Be1 h4 37. R6g4 Nh6 38. Rh2 Qxh2 39. Qxh2 Nxg4 40. fxg4 h3 41. Bf2 Bg7
42. Bg1 Rg6 43. Qh1 Rxg4 44. Qb7+ Kf6 45. Bh2 Rg2 46. Qc6+ Kg5 47. Qd7 Bf6 48.
Nd2 Kg6 49. Nf3 Rxe2 50. Qg4+ Kf7 51. Ng5+ Bxg5 52. Qxe2 Kf6 53. Qe4 Rh6 54.
Qc6+ Kf5 55. Qd7+ Re6 56. Kc2 c4 57. Qf7+ Rf6 58. Qxc4 f3 59. Qc8+ Kg6 60. Bxe5
f2 61. Bxf6 f1=Q 62. Qg8+ Kf5 63. Qxg5+ Ke6 64. Qe5+ Kf7 65. Qe7+ Kg6 66. Qe8+
Kf5 67. Bxd4 Qg2+ 68. Kc3 h2 69. Qf7+ Kg4 70. Qg6+ Kf3 71. Qc6+ Kg3 72. Be5+ Kh3
73. Qxg2+ 1-0

[Event "Lake Sevan 2015"]
[Site "Martuni ARM"]
[Date "2015.07.19"]
[Round "8.2"]
[White "Anton Guijarro, David"]
[Black "Ter-Sahakyan, Samvel"]
[Result "1/2-1/2"]
[WhiteTitle "GM"]
[BlackTitle "GM"]
[WhiteElo "2626"]
[BlackElo "2593"]
[WhiteFideId "2285525"]
[BlackFideId "13302531"]
[EventDate "2015.07.12"]

1. d4 d5 2. c4 c6 3. Nf3 Nf6 4. e3 Bg4 5. Nc3 e6 6. h3 Bh5 7. g4 Bg6 8. Ne5 Nbd7
9. Nxg6 hxg6 10. g5 Ng8 11. h4 Ne7 12. Bd2 Nf5 13. Qg4 Bd6 14. O-O-O Rh5 15.
cxd5 cxd5 16. Kb1 Nb6 17. Bd3 Rc8 18. Nxd5 Nxd5 19. e4 Nde7 20. exf5 exf5 21.
Qf3 Qb6 22. Be2 Rh8 23. Bc3 Bb4 24. Bxb4 Qxb4 25. d5 Qd6 26. Qb3 Rc7 27. Qa4+
Kd8 28. Qxa7 Re8 29. Qd4 Nc8 30. Bf3 Nb6 31. Qxg7 Nc4 32. Qf6+ Qxf6 33. gxf6 Nd6
34. h5 g5 35. h6 Rh8 36. Rd4 Rh7 37. Be2 Ne4 38. a4 Nxf2 39. Rf1 Ne4 40. Rxf5
Ng3 41. Rxg5 Nxe2 42. Re4 Rc1+ 43. Ka2 Rxh6 44. Rg8+ Kc7 45. Rxe2 Rxf6 46. Re7+
Kb6 47. Ra8 Rc5 48. Ka3 Rf3+ 49. b3 Rf6 50. Rd8 Ka7 51. d6 Rc6 52. Rdd7 Rb6 53.
a5 Rb5 54. Rxf7 Rxf7 55. Rxf7 Rxa5+ 56. Kb4 Rd5 57. Rf6 Kb6 58. Kc4 Rd1 59. b4
Kc6 60. d7+ Kxd7 61. Kc5 Kc7 62. Rf7+ Kb8 63. b5 Rd8 64. Re7 1/2-1/2

[Event "Lake Sevan 2015"]
[Site "Martuni ARM"]
[Date "2015.07.19"]
[Round "8.3"]
[White "Salem, A.R. Saleh"]
[Black "Hovhannisyan, Robert"]
[Result "0-1"]
[WhiteTitle "GM"]
[BlackTitle "GM"]
[WhiteElo "2615"]
[BlackElo "2611"]
[WhiteFideId "9301348"]
[BlackFideId "13302507"]
[EventDate "2015.07.12"]

1. d4 d5 2. c4 c6 3. Nf3 Nf6 4. Nc3 dxc4 5. a4 Bf5 6. Nh4 Bc8 7. e3 Bg4 8. f3
Bc8 9. Bxc4 e6 10. f4 c5 11. f5 Nc6 12. Nf3 cxd4 13. exd4 Bb4 14. O-O O-O 15.
fxe6 Bxe6 16. d5 Qb6+ 17. Kh1 Rad8 18. Qc2 Nxd5 19. Ng5 g6 20. Nxe6 fxe6 21. Bh6
Rxf1+ 22. Rxf1 Qd4 23. Qe2 Qe5 24. Qf2 Qf5 25. Qe2 Qe5 26. Qg4 Bf8 27. Bd2 Nf6
28. Qxe6+ Qxe6 29. Bxe6+ Kg7 30. Bc1 Ne5 31. g3 Be7 32. Be3 a6 33. Ba2 Neg4 34.
Bg1 Rd2 35. Be6 Rxb2 36. Nd5 Re2 37. Nf4 Re4 38. Bb3 Rb4 39. Ne6+ Kh8 40. Rf3
Ne5 41. Rc3 Nc6 42. Rd3 Re4 43. Bb6 Re1+ 44. Kg2 Re2+ 45. Kg1 Rb2 46. a5 h5 47.
h3 Bb4 48. Be3 Bxa5 49. Bh6 Kh7 50. Bg7 Bb6+ 51. Kh1 Nd4 52. Bxf6 Rxb3 53. Ng5+
Kg8 54. Rd1 Nf3 55. Ne4 Re3 56. Ng5 Nxg5 57. Bxg5 Rxg3 58. h4 Rc3 59. Rd7 Rc7
60. Rd6 Rc6 61. Rd7 Bc7 62. Re7 a5 63. Kg2 a4 64. Kf3 a3 65. Re8+ Kf7 66. Re7+
Kf8 67. Re2 Ra6 68. Be7+ Kf7 69. Bb4 Bd6 0-1